Statistics for Mobile Legends: Starlight skin

Click here to take the quiz!

General Stats

  • This quiz has been taken 34 times
    (28 since last reset)
  • The average score is 18 of 42

Answer Stats

DateSkins% Correct
01/01/17Bunny Babe
72%
01/09/19Lotus
64%
01/12/16Force Warrior
60%
01/03/20Street Punk
60%
2018 Annual Starlight MemberExperiment 21
52%
01/12/17Viscount
52%
01/02/18Anubis
48%
01/02/17Captain Thorns
48%
01/11/17Dark Draconic
48%
01/10/17Heartbreak Empress
48%
01/09/17Rock and Roll
48%
01/07/18Shanghai Maiden
48%
01/08/17Apocalypse
44%
01/05/19Ash Blossom
44%
01/07/17Black Pearl
44%
01/10/18Cyber Ops
44%
01/01/20Dictator
44%
01/03/17Dragon Hunter
44%
01/06/17Eastern Warrior
44%
01/04/18Fiery Moth
44%
01/03/18Nightarrow
44%
01/11/18Plunderous Pirate
44%
01/10/19Double Identity
40%
01/01/19Frostborn Paladin
40%
01/11/19Iceland Golem
40%
01/06/19Kaminari
40%
2019 Annual Starlight MemberNo.1 Controller
40%
01/04/17Phantom Dancer
40%
01/12/18Royal Cavalry
40%
01/05/18Searing Maw
40%
01/05/17Snake Eye Commander
40%
01/02/19Steam Glider
40%
01/07/19The Insentient
40%
01/03/19Bio Frontier
36%
01/02/20Combat Maiden
36%
01/08/18Dark Earl
36%
01/08/19Go Ballistic
36%
01/12/19Ruins Scavenger
36%
01/09/18Deep Sea Rescuer
28%
01/04/18Royal Magister
28%
01/06/18Akazonae Samurai
24%
01/01/18Queen Dragon
8%

Score Distribution

Percentile by Number Answered

Percent of People with Each Score

Your Score History

You have not taken this quiz since the last reset